Nucleic acids synthetized in the presence of chlortetracycline by Streptomyces aureofaciens

Bibliographic Details
Main Authors: Hlavsová, Marcela, 1954- (Author), Šimúth, Jozef, 1936- (Author), Zelinka, Ján, 1922-2009 (Author)
Format: Article
Language:Slovak
English
PhysicalDescription:Obr. 4. Res. slov., rus.
Subjects:

MARC

LEADER 00000nab a2200000 a 4500
001 vtls000118469
003 SK-MaSNL
005 20260304165131.0
008 250422c1982 xo 0 slo
015 |a SNBRB19rr/mm-uuuuu 
035 |a CL0128574 
035 |a urn:nbn:sk:snk-abbb3z 
035 |a (urnnbn)urn:nbn:sk:snk:ar-000pjt 
035 |a (uuid)c89bbded-8521-4b05-bb01-ab7f4adec581 
040 |a SNKBUCL  |b slo  |c SNKBUCL  |e AACR2 
041 0 |a eng 
044 |a xo  |c SK 
080 |a 577  |2 1981 
080 |a 579.87  |2 1981 
100 1 |a Hlavsová, Marcela,  |d 1954-  |4 aut  |9 167360 
245 1 0 |a Nucleic acids synthetized in the presence of chlortetracycline by Streptomyces aureofaciens  |c Marcela Hlavsová, Jozef Šimúth, Ján Zelinka 
300 |b Obr. 4. Res. slov., rus. 
650 0 7 |a nukleové kyseliny  |2 snkbucl  |9 50662 
655 7 |a články z novín a časopisov  |2 snkbucl  |9 267496 
700 1 |a Šimúth, Jozef,  |d 1936-  |4 aut  |9 198878 
700 1 |a Zelinka, Ján,  |d 1922-2009  |4 aut  |9 198056 
773 0 |t Biológia  |g Roč. 37, č. 4 (1982), s. 363-368 
850 |a Slovenská národná knižnica 
852 |a Slovenská národná knižnica 
954 |a odborná, vedecká literatúra pôvodná (slovenská)  |2 lita 
958 |a article15 
958 |a RK 
958 |a MI 
958 |a OND 
958 |a EUIPO 
992 |a RBX 
999 |c 2983113  |d 2985043